000 01946cam a22002174a 4500
005 20250605164106.0
008 250528s ||||||||||||||||||||||||d
035 _a17751
020 _a9789609535854
040 _aGR-AtMCL
_bgre
_dGR-AtMCL
_eAACR2
245 1 _aΑνάλυση Λόγου / Θεωρία και Εφαρμογές
260 _bΝήσος,
_c2014
300 _a566
520 _aΗ επικοινωνιακή διάσταση της γλώσσας, κυρίως σε ό,τι αφορά τη διεκπεραίωση της καθημερινότητας, αποτελεί ένα νεότερο πεδίο ανάπτυξης της γλωσσολογίας. Εισαγωγή, Αρχή της Συνεργασίας και Γλωσσικές Πράξεις, Ανάλυση Συνομιλίας: Η Μελέτη της Κοινωνικής Δράσης μέσα από τη Διεπιδραστική Ομιλία, Διεπιδραστική Κοινωνιογλωσσολογία, Η Κριτική Ανάλυση Λόγου: Μελετώντας τον Ιδεολογικό Ρόλο της Γλώσσας, Συνδέοντας το Κείμενο με το Σύστημα: Γλωσσικές Πράξεις και Σώματα Κειμένων, Δείξη και Επικοινωνία, Ευγένεια στον Λόγο, Ανάλυση Χιουμοριστικού Λόγου, Δίγλωσσες Επικοινωνίες, Παιδικός Λόγος, Κοινωνικό Φύλο: Μέθοδοι και Προσεγγίσεις, Αφηγηματικά Είδη, Ο Λόγος των ΜΜΕ, Ανάλυση Πολιτικού Λόγου, Ευρετήριο Όρων, Βιογραφικά Συγγραφέων.
700 1 _aΓεωργαλίδου Μαριάνθη
_93954
700 1 _aΣηφιανού Μαρία
_93955
700 1 _aΤσάκωνα Βίλλυ
_93956
942 _cBK
999 _c3152
_d3152